Govt. of
Madhya Pradesh

The hunt (Record no. 59122)

MARC details
000 -LEADER
fixed length control field 00372nam a2200157 4500
003 - CONTROL NUMBER IDENTIFIER
control field macl
005 - DATE AND TIME OF LATEST TRANSACTION
control field 20190327162300.0
008 - FIXED-LENGTH DATA ELEMENTS--GENERAL INFORMATION
fixed length control field 190326b xxu||||| |||| 00| 0 eng d
040 ## - CATALOGING SOURCE
Transcribing agency macl
082 ## - DEWEY DECIMAL CLASSIFICATION NUMBER
Classification number 831/Moh
100 ## - MAIN ENTRY--PERSONAL NAME
Personal name Mohani,phani
9 (RLIN) 73947
245 ## - TITLE STATEMENT
Title The hunt
260 ## - PUBLICATION, DISTRIBUTION, ETC. (IMPRINT)
Place of publication, distribution, etc. Nwe delhi
Name of publisher, distributor, etc. Sahtiya akedmi
Date of publication, distribution, etc. 2016
650 ## - SUBJECT ADDED ENTRY--TOPICAL TERM
Topical term or geographic name as entry element Poem
9 (RLIN) 27793
942 ## - ADDED ENTRY ELEMENTS (KOHA)
Source of classification or shelving scheme
Koha item type Books
Call number prefix CRE035286
Holdings
Withdrawn status Lost status Source of classification or shelving scheme Damaged status Not for loan Home library Current library Date acquired Cost, normal purchase price Total Checkouts Full call number Date last seen Price effective from Koha item type
          MACL MACL 27/03/2019 110.00   831/Moh 27/03/2019 27/03/2019 Books